| 000 | 00354nam a22001337a 4500 | ||
|---|---|---|---|
| 082 |
_a355 _bGUI _cDON |
||
| 100 |
_aSTD _948662 |
||
| 245 | _aGuide line for study staff course entrance exam | ||
| 300 |
_a333 p. _bill. |
||
| 526 |
_a0 _b0 _c0 _d355_000000000000000_GUI |
||
| 526 |
_a0 _b0 _c0 _d355_000000000000000_GUI |
||
| 650 |
_aMCE _9379 |
||
| 942 |
_2ddc _cBK |
||
| 999 |
_c551524 _d551524 |
||